[Event "Mechanics' Shipman TNM; G/2 d/5"]
[Site "San Francisco"]
[Date "2018.08.07"]
[Round "1.12"]
[White "Starr, Albert Mart"]
[Black "Kuczek, Kevin"]
[Result "0-1"]
[WhiteElo "1502"]
[BlackElo "1947"]
[Annotator "Donaldson"]
[PlyCount "132"]
[EventDate "2018.??.??"]
[Source "ChessBase"]
[SourceDate "2007.09.04"]

1. b4 Nf6 2. Bb2 e6 3. b5 b6 4. e3 Bb7 5. Nf3 Be7 6. Be2 O-O 7. O-O d5 8. d3
Nbd7 9. Nbd2 Bd6 10. g3 e5 11. c4 c6 12. a4 c5 13. cxd5 Bxd5 14. Nc4 Qe7 15.
Nxd6 Qxd6 16. Ba3 Qe6 17. Nd2 Qh3 18. e4 Be6 19. f4 Ng4 20. Bxg4 Bxg4 21. Qe1
Rad8 22. f5 Nf6 23. Qe3 Bh5 24. Nf3 Bxf3 25. Rxf3 Ng4 26. Qd2 Rd6 27. Qg2 Qxg2+
28. Kxg2 Rfd8 29. Rd1 Nf6 30. Bb2 Nd7 31. Kf2 f6 32. Ke2 Nf8 33. g4 h6 34. h4
Kf7 35. Kd2 Nh7 36. Kc2 Nf8 37. Ra1 Nd7 38. Kc3 Nb8 39. Kc4 a5 40. Bc1 Nd7 (
40... Rd4+ 41. Kc3 c4 42. Be3 Rxd3+ 43. Kxc4 $11) 41. g5 hxg5 42. hxg5 Rd4+ 43.
Kc3 c4 44. dxc4 Rc8 45. Rd3 Rcxc4+ 46. Kd2 Nc5 47. g6+ Ke8 48. Rxd4 Rxd4+ 49.
Kc2 Rxe4 50. Ra3 Re2+ 51. Kd1 Rf2 52. Rh3 Rxf5 53. Rh8+ Ke7 54. Rg8 Rf1+ 55.
Kc2 Rg1 56. Rxg7+ Kd6 57. Rg8 Nxa4 58. Be3 Rg2+ 59. Kd3 Rg3 60. Ke2 f5 61. Kf2
f4 62. Bd2 Ke6 63. Rc8 Rxg6 64. Ra8 Kf5 65. Bxa5 bxa5 66. Rxa5 Nc3 0-1

[Event "Mechanics' Shipman TNM; G/2 d/5"]
[Site "San Francisco"]
[Date "2018.09.25"]
[Round "8.25"]
[White "Starr, Albert Mart"]
[Black "Standen, Julian"]
[Result "0-1"]
[WhiteElo "1502"]
[BlackElo "1613"]
[Annotator "Winslow,Elliott"]
[PlyCount "120"]
[EventDate "2018.??.??"]
[Source "ChessBase"]
[SourceDate "2007.09.04"]

1. b4 d5 2. e3 Nf6 3. Bb2 e6 4. b5 c5 5. c4 Be7 6. Nf3 O-O 7. Be2 Nbd7 8. d3 b6
9. O-O Bb7 10. Nbd2 Qc7 11. a4 e5 12. cxd5 Bxd5 13. e4 Bb7 14. Nc4 Bd6 15. Nxd6
Qxd6 16. a5 Rfe8 17. a6 Bc8 18. Ra3 Nf8 19. Qa1 N6d7 (19... Ng6 20. Nd2 Bd7 21.
Nc4 Qc7) (19... Bg4 $5 20. Bd1 Bxf3 21. Bxf3) 20. g3 (20. Nh4 $1 Qf6 21. Nf5
Ne6 22. f4 Nd4 23. Nxd4 exd4 $8 $14) 20... f6 21. Nd2 Ne6 22. Rc1 Nd4 23. Bf1 (
23. Bxd4) 23... Nf8 24. Bxd4 Qxd4 25. Nc4 Qxa1 26. Raxa1 Rd8 27. Ne3 Ne6 28.
Nd5 Nd4 29. Rab1 Bd7 30. Nc3 Be6 31. Rb2 Rac8 32. Rcb1 Rc7 33. Kg2 Rdc8 34. Ne2
Kf7 35. f4 Ke7 36. f5 Bf7 37. g4 h6 38. h4 Kd6 39. Ng1 c4 40. dxc4 Bxc4 41.
Bxc4 Rxc4 42. Rd1 Rc2+ 43. Rd2 Rxd2+ 44. Rxd2 Rc2 45. Rxc2 Nxc2 46. Nf3 Nd4 47.
Ne1 Kc5 48. Nd3+ Kc4 49. Nxe5+ fxe5 50. g5 Kc5 51. Kg3 Kd6 52. Kg4 Ke7 53. Kh5
hxg5 54. hxg5 Kf7 55. Kg4 Nxb5 56. Kf3 Nd6 57. Ke3 b5 58. Kd3 b4 59. Kc2 Nxe4
60. Kb3 Nc5+ 0-1

[Event "Mechanics' Winter TNM; G/2 d5"]
[Site "San Francisco"]
[Date "2018.01.16"]
[Round "2.17"]
[White "Stearman, Josiah"]
[Black "Steger, Eric"]
[Result "*"]
[WhiteElo "2362"]
[BlackElo "1916"]
[PlyCount "79"]
[EventDate "2018.??.??"]
[Source "ChessBase"]
[SourceDate "2007.09.04"]

1. e4 d6 2. d4 Nf6 3. Nc3 g6 4. f4 Bg7 5. Nf3 O-O 6. Be2 c5 7. O-O Na6 8. e5
Nd7 9. Be3 cxd4 10. Bxd4 dxe5 11. fxe5 Ndc5 12. Bxa6 Nxa6 13. Qe2 Bg4 14. Rad1
Qa5 15. a3 Rac8 16. Bxa7 Nb4 17. Bf2 Nc6 18. Nd5 Bxf3 19. Qxf3 Bxe5 20. b4 Qa6
21. Nb6 Rcd8 22. Nd7 Rxd7 23. Rxd7 Bd6 24. Qd3 Qa8 25. Qb5 Rb8 26. Bc5 Bxc5+
27. Qxc5 Qxa3 28. Qd5 Qe3+ 29. Kh1 Rf8 30. Rxb7 Nd4 31. Rc7 e6 32. Qc4 Ne2 33.
Qd3 Qxd3 34. cxd3 Nd4 35. Rd7 e5 36. h3 f5 37. Re1 f4 38. Rxe5 f3 39. gxf3 Nc6
40. Re4 *

[Event "Mechanics' Spring TNM; G/2 d5"]
[Site "San Francisco"]
[Date "2018.03.20"]
[Round "1.1"]
[White "Stearman, Josiah P"]
[Black "Casares Jr, Nick"]
[Result "1-0"]
[WhiteElo "2395"]
[BlackElo "1600"]
[PlyCount "39"]
[EventDate "2018.??.??"]
[Source "ChessBase"]
[SourceDate "2007.09.04"]

1. e4 e5 2. Nf3 Nc6 3. Bc4 Nf6 4. Ng5 Bc5 {The Wilkes-Barre Variation named
after the city in Pennsylvania where this line was extensively analysed.} 5.
Bxf7+ {Considered White's best. Wild complications arise after} (5. Nxf7 Bxf2+)
5... Ke7 6. Bb3 (6. Bd5 $1 {has long been considered White's best here, but
Black has chances and in fact the late Robert Henry defeated Bobby Fischer in
this line in a simul the latter gave at the Mechanics' Institute in 1964.})
6... d5 $2 {This is too aggressive. Instead} (6... Rf8 {or}) (6... Qe8 {
should have been played.}) 7. Nc3 Bxf2+ $2 {
Black does not get enough for the piece.} (7... Nd4 {was the best try.}) 8.
Kxf2 Ng4+ 9. Ke1 Rf8 10. Nxd5+ Ke8 11. d3 Nd4 12. h3 Nf6 13. Rf1 h6 14. Nxf6+
gxf6 15. Qh5+ Ke7 16. Qxh6 Nxb3 17. axb3 Be6 18. Be3 Kd7 19. Qg7+ Kd6 {
Diagram [#]} 20. Bc5+ 1-0

[Event "Mechanics' Spring TNM; G/2 d5"]
[Site "San Francisco"]
[Date "2018.04.24"]
[Round "6.7"]
[White "Stearman, Josiah P"]
[Black "Cortinas, Martin A"]
[Result "1-0"]
[WhiteElo "2395"]
[BlackElo "1692"]
[PlyCount "69"]
[EventDate "2018.??.??"]
[Source "ChessBase"]
[SourceDate "2007.09.04"]

1. e4 c6 2. d4 d5 3. Nc3 dxe4 4. Nxe4 Bf5 5. Ng3 Bg6 6. h4 h6 7. Nf3 Nd7 8. h5
Bh7 9. Bd3 Bxd3 10. Qxd3 e6 11. Bf4 Qa5+ 12. Bd2 Bb4 13. Ne4 Ngf6 14. Nd6+ Ke7
15. Nxb7 Bxd2+ 16. Nxd2 Qb4 17. Qb3 Qxd4 18. O-O-O Rab8 19. Nc4 Qf4+ 20. Ne3
Rhc8 21. g3 Qc7 22. Qa3+ c5 23. Nd6 Rd8 24. f4 Nb6 25. Nb5 Qc6 26. Nxa7 Qc7 27.
Nb5 Qc6 28. Nc3 Kf8 29. g4 Rxd1+ 30. Rxd1 Kg8 31. f5 exf5 32. Nxf5 Qf3 33. Qxc5
Qf4+ 34. Qe3 Qxg4 {Diagram [#]} 35. Nxh6+ 1-0

[Event "Mechanics' Winter TNM; G/2 d5"]
[Site "San Francisco"]
[Date "2018.02.27"]
[Round "8.1"]
[White "Stearman, Josiah P"]
[Black "O'Connor, Derek"]
[Result "1-0"]
[WhiteElo "2362"]
[BlackElo "2275"]
[PlyCount "117"]
[EventDate "2018.??.??"]
[Source "ChessBase"]
[SourceDate "2007.09.04"]

1. e4 e5 2. Nf3 Nc6 3. Bc4 Bc5 4. c3 Nf6 5. d3 O-O 6. O-O d5 7. exd5 Nxd5 8. a4
a6 9. h3 Kh8 10. Nbd2 Nb6 11. Ne4 Nxc4 12. Nxc5 Nd6 13. Re1 Re8 14. b4 b6 15.
Ne4 Nxe4 16. dxe4 Qxd1 17. Rxd1 f6 18. Ne1 Be6 19. Be3 Red8 20. Nd3 Bc4 21. Nb2
Bb3 22. Rxd8+ Rxd8 23. f3 Kg8 24. Kf2 Kf7 25. Ke2 Be6 26. Bg1 Ke7 27. g4 g6 28.
Bf2 Kf7 29. Rd1 Rxd1 30. Kxd1 Ke7 31. Kc2 Kd6 32. Be3 Kd7 33. h4 Kd6 34. Bh6
Ke7 35. g5 Nb8 36. gxf6+ Kxf6 37. Bg5+ Kf7 38. Bd8 Nd7 39. Bxc7 h6 40. c4 Bh3
41. Nd3 Ke6 42. c5 bxc5 43. bxc5 Bf1 44. c6 Bxd3+ 45. Kxd3 Nc5+ 46. Kc4 Nxa4
47. Kb3 Nc5+ 48. Kb4 Nd3+ 49. Ka5 Nb2 50. Kxa6 Nc4 51. Kb5 Nd2 52. Ka6 Nc4 53.
Kb7 Ke7 54. Bxe5 Nxe5 55. c7 Nc4 56. e5 Na5+ 57. Kb6 Kd7 58. e6+ Kc8 59. e7 1-0

[Event "Mechanics' Spring TNM; G/2 d5"]
[Site "San Francisco"]
[Date "2018.04.10"]
[Round "4.10"]
[White "Stearman, Josiah P"]
[Black "Pane, Gianluca"]
[Result "1-0"]
[WhiteElo "2395"]
[BlackElo "1811"]
[PlyCount "41"]
[EventDate "2018.??.??"]
[Source "ChessBase"]
[SourceDate "2007.09.04"]

1. e4 d6 2. d4 Nf6 3. Nc3 e5 4. Nf3 Nbd7 5. g4 h6 6. h3 Be7 7. Bc4 exd4 8. Qxd4
Nc5 9. Be3 Be6 $2 10. O-O-O Nfd7 11. e5 dxe5 $2 (11... O-O) 12. Nxe5 Bf6 13.
Bxe6 Nxe6 14. Qxd7+ Qxd7 15. Nxd7 Bxc3 16. bxc3 f6 17. Nc5 Nxc5 18. Bxc5 b6 19.
Rhe1+ Kf7 20. Rd7+ Kg6 21. Ree7 1-0

[Event "Mechanics' Winter TNM; G/2 d5"]
[Site "San Francisco"]
[Date "2018.01.30"]
[Round "4.4"]
[White "Stearman, Josiah P"]
[Black "Thornally, Frank"]
[Result "1-0"]
[WhiteElo "2362"]
[BlackElo "2200"]
[Annotator "Donaldson"]
[PlyCount "74"]
[EventDate "2018.??.??"]
[Source "ChessBase"]
[SourceDate "2007.09.04"]

1. e4 d5 2. exd5 Nf6 3. d4 Bg4 4. Be2 Bxe2 5. Qxe2 Qxd5 6. Nf3 e6 7. O-O Nc6 8.
Be3 Bd6 9. h3 O-O-O 10. c4 Qf5 11. Nc3 Rhg8 12. c5 Be7 13. g4 Nxg4 14. hxg4
Qxg4+ 15. Kh1 Qh3+ 16. Nh2 Nxd4 17. Qg4 Qxg4 18. Nxg4 Nc2 19. Rac1 Nxe3 20.
fxe3 f5 21. Ne5 Bxc5 22. Nb5 Bb6 23. Rc4 c6 24. Nd4 Bxd4 $2 (24... g5 $17) (
24... Rd5 $17) 25. exd4 Kc7 26. Rf3 $11 Rd5 27. Rh3 h6 28. Ng6 (28. Kg2) 28...
Rgd8 29. Nf4 R5d6 30. Re3 Re8 31. Kg2 g5 32. Nd3 b5 (32... h5 $15) 33. Rc2 Rxd4
34. Ne5 Rd6 35. Rec3 Kb6 36. Nf7 Rd5 37. Rxc6+ Kb7 $4 (37... Ka5 38. Nxh6 g4
$14) 1-0

[Event "Mechanics' Summer TNM; G/2 d/5"]
[Site "San Francisco"]
[Date "2018.06.19"]
[Round "4.17"]
[White "Steger, Eric"]
[Black "Campers Jr, Willie"]
[Result "0-1"]
[WhiteElo "1964"]
[BlackElo "1725"]
[PlyCount "84"]
[EventDate "2018.??.??"]
[Source "ChessBase"]
[SourceDate "2007.09.04"]

1. e4 c5 2. Nf3 d6 3. d4 cxd4 4. Qxd4 Nc6 5. Bb5 Bd7 6. Bxc6 Bxc6 7. c4 Nf6 8.
Nc3 e6 9. O-O Be7 10. Re1 O-O 11. b3 a6 12. a4 Qc7 13. Ba3 Rfd8 14. Rac1 Qa5
15. b4 Qh5 16. Nd5 exd5 17. exd5 Nxd5 18. cxd5 Bf6 19. Qd3 Bxd5 20. Re3 b5 21.
Rce1 Bc4 22. Qxd6 Be6 23. Qg3 bxa4 24. h3 Rac8 25. Ne5 Rc2 26. Ng4 Bh4 27. Qf3
Qb5 28. Re5 Qd3 29. R1e3 Qg6 30. g3 Bg5 31. Rc3 Rxc3 32. Qxc3 h5 33. f4 Be7 34.
Bb2 Rd3 35. Rxe6 fxe6 36. Qc8+ Kh7 37. Nf2 Rxg3+ 38. Kf1 Qb1+ 39. Bc1 a3 40.
Ke2 a2 41. Qe8 Qc2+ 42. Bd2 Rg6 0-1

[Event "Mechanics' Bedjanian TNM; G/2 d/5"]
[Site "San Francisco"]
[Date "2018.10.23"]
[Round "1.15"]
[White "Steger, Eric"]
[Black "Carron, Joel"]
[Result "1-0"]
[WhiteElo "1963"]
[BlackElo "1456"]
[PlyCount "29"]
[EventDate "2018.??.??"]
[Source "ChessBase"]
[SourceDate "2007.09.04"]

1. e4 c5 2. Nf3 g6 3. d4 cxd4 4. Qxd4 Nf6 5. Nc3 Nc6 6. Qa4 d6 7. e5 dxe5 8.
Nxe5 Qa5 $2 (8... Bd7) 9. Qxa5 Nxa5 {Diagram [#]} 10. Nb5 $1 Nd5 11. c4 a6 $2 (
11... Bg7) 12. cxd5 axb5 13. Bxb5+ Kd8 14. Nxf7+ Kc7 15. Nxh8 1-0

[Event "Mechanics' Spring TNM; G/2 d5"]
[Site "San Francisco"]
[Date "2018.03.27"]
[Round "2.13"]
[White "Steger, Eric"]
[Black "Chan, John"]
[Result "1-0"]
[WhiteElo "1933"]
[BlackElo "1663"]
[PlyCount "99"]
[EventDate "2018.??.??"]
[Source "ChessBase"]
[SourceDate "2007.09.04"]

1. e4 d6 2. d4 c6 3. c4 g6 4. Nf3 Bg7 5. Nc3 Nd7 6. Be2 e6 7. Be3 Ne7 8. Qd2 h5
9. Ng5 Nf6 10. h3 Qc7 11. Rc1 Bd7 12. f4 Nh7 13. Nf3 f5 14. O-O O-O 15. e5 Rad8
16. Qe1 dxe5 17. Nxe5 Bxe5 18. dxe5 b6 19. Qh4 Be8 20. Qg3 Kh8 21. Rfd1 Rxd1+
22. Rxd1 Bf7 23. Qe1 Rd8 24. b4 Be8 25. a4 a6 26. Qf2 Rxd1+ 27. Nxd1 b5 28. Nc3
bxc4 29. Bxc4 Nd5 30. Nxd5 cxd5 31. Bxa6 Bxa4 32. Bc5 Qd7 33. Qh4 Kg7 34. Qe7+
Qxe7 35. Bxe7 Kf7 36. Bd6 Nf8 37. Bxf8 Kxf8 38. h4 Ke7 39. Kf2 Kd7 40. Ke3 Kc7
41. Kd4 Bd7 42. Kc5 Be8 43. Bd3 Bc6 44. b5 Ba8 45. b6+ Kb7 46. Bb5 Kb8 47. Kd4
Kb7 48. Bd7 Kxb6 49. Bxe6 Bc6 50. Bf7 1-0

[Event "Mechanics' Bedjanian TNM; G/2 d/5"]
[Site "San Francisco"]
[Date "2018.11.13"]
[Round "4.14"]
[White "Steger, Eric"]
[Black "Cohee, James"]
[Result "1-0"]
[WhiteElo "1963"]
[BlackElo "1625"]
[PlyCount "105"]
[EventDate "2018.??.??"]
[Source "ChessBase"]
[SourceDate "2007.09.04"]

1. e4 c5 2. Nf3 d6 3. d4 cxd4 4. Qxd4 Nc6 5. Bb5 Bd7 6. Bxc6 Bxc6 7. c4 Nf6 8.
Nc3 e6 9. O-O Be7 10. b3 O-O 11. Bb2 a6 12. Rfe1 Nd7 13. Nd5 e5 14. Qd2 Bxd5
15. Qxd5 Qc7 16. Ba3 Nf6 17. Qd2 Rfd8 18. Rac1 Rac8 19. Qb4 Qc6 20. Nxe5 dxe5
21. Qxe7 Re8 22. Qd6 Rcd8 23. Qxc6 bxc6 24. f3 Rd7 25. Rcd1 Red8 26. Rxd7 Rxd7
27. Bb4 Ne8 28. Kf2 Nc7 29. Ke2 Ne6 30. Bd2 Nd4+ 31. Kd1 f6 32. Kc1 Kf7 33. Bb4
Ke6 34. Kb2 Rb7 35. Bc5 Rd7 36. Kc3 g6 37. b4 h5 38. Bxd4 exd4+ 39. Kd3 Ke5 40.
g3 g5 41. Rf1 Rb7 42. f4+ gxf4 43. gxf4+ Ke6 44. Kxd4 Rxb4 45. Rf2 Kd6 46. e5+
Ke7 47. Kc5 Ra4 48. exf6+ Kxf6 49. f5 h4 50. Rc2 Kxf5 51. Kxc6 Ke4 52. c5 Rb4
53. Kd7 1-0

[Event "Mechanics' Bedjanian TNM; G/2 d/5"]
[Site "San Francisco"]
[Date "2018.11.20"]
[Round "5.5"]
[White "Steger, Eric"]
[Black "Fuentes, Romulo"]
[Result "1/2-1/2"]
[WhiteElo "1963"]
[BlackElo "2200"]
[PlyCount "57"]
[EventDate "2018.??.??"]
[Source "ChessBase"]
[SourceDate "2007.09.04"]

1. e4 c5 2. Nf3 d6 3. d4 cxd4 4. Qxd4 Bd7 5. c4 Nc6 6. Qd2 g6 7. Bd3 Bh6 8. Qc3
f6 9. Bxh6 Nxh6 10. Nbd2 Nf7 11. b4 Rc8 12. Qb2 Nfe5 13. Be2 Be6 14. Rc1 Qb6
15. a3 O-O 16. O-O a5 17. Rb1 axb4 18. axb4 Rc7 19. Rfc1 Nxf3+ 20. Nxf3 Ne5 21.
Nxe5 fxe5 22. c5 dxc5 23. bxc5 Qxb2 24. Rxb2 Rfc8 25. h4 Kf7 26. Rcb1 Rxc5 27.
Rxb7 Rc1+ 28. Kh2 R1c2 29. R1b2 1/2-1/2

[Event "Mechanics' Winter TNM; G/2 d5"]
[Site "San Francisco"]
[Date "2018.02.06"]
[Round "5.9"]
[White "Steger, Eric"]
[Black "Gaffagan, Steven"]
[Result "0-1"]
[WhiteElo "1916"]
[BlackElo "2089"]
[PlyCount "74"]
[EventDate "2018.??.??"]
[Source "ChessBase"]
[SourceDate "2007.09.04"]

1. e4 c5 2. Nf3 e6 3. d4 cxd4 4. Nxd4 d6 5. Bb5+ Nd7 6. O-O Ngf6 7. Nc3 Be7 8.
Be3 a6 9. Be2 Nc5 10. f3 Qc7 11. Qd2 O-O 12. Rfd1 Rd8 13. Qe1 b5 14. Rac1 Bb7
15. Nb3 d5 16. exd5 Bxd5 17. Qf2 Rac8 18. Kh1 h6 19. Rd2 Nxb3 20. axb3 Rd7 21.
Rcd1 Bc6 22. Rxd7 Bxd7 23. Bd3 Bc6 24. Rd2 Qb7 25. Be2 e5 26. Qg3 b4 27. Ne4
Bxe4 28. Bxh6 Bg6 29. Bd3 e4 30. Bc4 Rxc4 31. bxc4 gxh6 32. f4 Qc8 33. b3 Qf5
34. Qh4 Kg7 35. h3 h5 36. Qf2 Bc5 37. Qf1 e3 0-1

[Event "Mechanics' Winter TNM; G/2 d5"]
[Site "San Francisco"]
[Date "2018.01.23"]
[Round "3.20"]
[White "Steger, Eric"]
[Black "Hack, Richard"]
[Result "1-0"]
[WhiteElo "1916"]
[BlackElo "1609"]
[PlyCount "35"]
[EventDate "2018.??.??"]
[Source "ChessBase"]
[SourceDate "2007.09.04"]

1. e4 e5 2. Nf3 Nc6 3. Bb5 a6 4. Ba4 Nf6 5. d3 d6 6. c3 Be7 7. Nbd2 b5 8. Bc2
Bg4 9. h3 Bh5 10. Nf1 O-O 11. g4 Bg6 12. Ng3 d5 13. Qe2 dxe4 14. dxe4 Qd7 15.
Be3 Bd6 16. Rd1 Rfe8 17. Nh4 $1 Ne7 $2 (17... Reb8 18. Nhf5 $16) (17... h6 18.
Nxg6 fxg6 19. Bb3+ Kh8 20. g5 $16) 18. g5 1-0

[Event "Mechanics' Summer TNM; G/2 d5"]
[Site "San Francisco"]
[Date "2018.06.05"]
[Round "2.10"]
[White "Steger, Eric"]
[Black "Harris, John"]
[Result "1/2-1/2"]
[WhiteElo "1964"]
[BlackElo "1746"]
[PlyCount "99"]
[EventDate "2018.??.??"]
[Source "ChessBase"]
[SourceDate "2007.09.04"]

1. e4 d5 2. exd5 Qxd5 3. Nc3 Qd8 4. d4 Nf6 5. Nf3 c6 6. Bd3 Bg4 7. Be3 e6 8. h3
Bh5 9. O-O Bd6 10. Be2 Qc7 11. Nd2 Bg6 12. Bf3 Nbd7 13. a3 h5 14. Nde4 Nxe4 15.
Nxe4 Bxe4 16. Bxe4 Bh2+ 17. Kh1 Bf4 18. Qf3 Bxe3 19. fxe3 Nf6 20. Kg1 Nxe4 21.
Qxe4 O-O-O 22. c4 Rh6 23. Qf4 Qxf4 24. Rxf4 f5 25. h4 g5 26. hxg5 Rg6 27. Kf2
Rxg5 28. Rh1 Rdg8 29. Rh2 Kd7 30. Rfh4 Rh8 31. g3 a5 32. b4 axb4 33. axb4 Kd6
34. Kf3 b5 35. cxb5 cxb5 36. Rc2 Rhg8 37. Rh3 Rb8 38. Rc5 Rb7 39. e4 fxe4+ 40.
Kxe4 Rbg7 41. Kf4 Rg4+ 42. Ke3 Rxg3+ 43. Rxg3 Rxg3+ 44. Kf4 Rg4+ 45. Ke3 Rg3+
46. Ke2 Rg4 47. Rxh5 Rxd4 48. Rxb5 Kc6 49. Rb8 Kc7 50. Rb5 1/2-1/2

[Event "Mechanics' Spring TNM; G/2 d5"]
[Site "San Francisco"]
[Date "2018.04.24"]
[Round "6.5"]
[White "Steger, Eric"]
[Black "Ivanov, Aleksandr"]
[Result "0-1"]
[WhiteElo "1933"]
[BlackElo "2166"]
[PlyCount "97"]
[EventDate "2018.??.??"]
[Source "ChessBase"]
[SourceDate "2007.09.04"]

1. e4 e6 2. Nf3 d5 3. Nc3 d4 4. Ne2 c5 5. c3 Nf6 6. e5 Nfd7 7. cxd4 cxd4 8. Qa4
Nc6 9. Nexd4 Ndxe5 10. Bb5 Bd7 11. O-O Be7 12. Re1 Nxf3+ 13. Nxf3 O-O 14. d4 a6
15. Bf1 Ne5 16. Qd1 Nxf3+ 17. Qxf3 Bc6 18. Qe3 Bf6 19. Rd1 Qd5 20. b3 Rfd8 21.
Bb2 Rd7 22. Qh3 Rad8 23. Rac1 Qa5 24. Bd3 h6 25. Rc5 Qxc5 26. dxc5 Bxb2 27. Kf1
Bb5 28. Ke2 Rxd3 29. Rxd3 Rxd3 30. f3 Rxb3+ 31. Kd2 Rd3+ 32. Kc2 Bf6 33. Qg3
Rc3+ 34. Kd2 Rxc5 35. Qb8+ Kh7 36. Qxb7 Rd5+ 37. Ke3 Kg6 38. f4 Bd4+ 39. Kf3
Kf6 40. g4 Rc5 41. Qb8 Bc6+ 42. Ke2 Bb5+ 43. Kf3 Rd5 44. h4 Ke7 45. f5 exf5 46.
gxf5 Rd7 47. Kf4 Bf6 48. Qb6 Bd4 49. Qa5 0-1

[Event "Mechanics' Winter TNM; G/2 d5"]
[Site "San Francisco"]
[Date "2018.01.09"]
[Round "1.19"]
[White "Steger, Eric"]
[Black "Olson, David R"]
[Result "1-0"]
[WhiteElo "1916"]
[BlackElo "1400"]
[PlyCount "59"]
[EventDate "2018.??.??"]
[Source "ChessBase"]
[SourceDate "2007.09.04"]

1. e4 e5 2. Nf3 Nc6 3. Bc4 Nf6 4. Nc3 Nd4 5. d3 d6 6. Nxd4 exd4 7. Ne2 c5 8. c3
dxc3 9. Qb3 Qc7 10. Nxc3 a6 11. a4 g6 12. O-O Bg7 13. Bd2 Rb8 14. Rae1 O-O 15.
Qa2 Bd7 16. a5 Rbe8 17. f4 Bc6 18. Bb3 Re7 19. f5 Kh8 20. Kh1 Ng4 21. Nd5 Bxd5
22. Bxd5 Bd4 23. Bc3 Nf2+ 24. Rxf2 Be5 25. fxg6 hxg6 26. Bxe5+ Rxe5 27. Ref1 f5
28. Qa3 Qh7 29. Qb3 Re7 30. Rf3 1-0

[Event "Mechanics' Summer TNM; G/2 d5"]
[Site "San Francisco"]
[Date "2018.07.10"]
[Round "7.20"]
[White "Steger, Eric"]
[Black "Quang, Danny"]
[Result "1-0"]
[WhiteElo "1964"]
[BlackElo "1697"]
[PlyCount "45"]
[EventDate "2018.??.??"]
[Source "ChessBase"]
[SourceDate "2007.09.04"]

1. e4 d5 2. exd5 Qxd5 3. Nc3 Qd8 4. d4 Nf6 5. Bc4 c6 6. Nf3 Bf5 7. Ne5 e6 8. g4
Bg6 9. h4 h6 10. Nxg6 fxg6 11. Qd3 Kf7 12. h5 gxh5 13. gxh5 Qd6 14. Bd2 Nbd7
15. O-O-O Nb6 16. Bb3 Ke7 17. Rde1 Nbd5 18. Nxd5+ Nxd5 19. c4 Nf4 20. Qe4 g5
21. hxg6 Nxg6 22. c5 Qc7 23. Qxe6+ 1-0

[Event "Mechanics' Spring TNM; G/2 d5"]
[Site "San Francisco"]
[Date "2018.04.10"]
[Round "4.5"]
[White "Steger, Eric"]
[Black "Walder, Michael S"]
[Result "1/2-1/2"]
[WhiteElo "1933"]
[BlackElo "2117"]
[PlyCount "90"]
[EventDate "2018.??.??"]
[Source "ChessBase"]
[SourceDate "2007.09.04"]

1. e4 c5 2. Nf3 g6 3. d4 cxd4 4. Qxd4 Nf6 5. Nc3 Nc6 6. Qa4 d6 7. e5 Ng4 8. Bb5
Ngxe5 9. Nxe5 dxe5 10. O-O Bd7 11. Rd1 Nd4 12. Be3 Bg7 13. Bxd7+ Qxd7 14. Qxd7+
Kxd7 15. Ne2 Kc7 16. Nxd4 exd4 17. Bxd4 Bxd4 18. Rxd4 Rad8 19. Rad1 Rxd4 20.
Rxd4 Rd8 21. Rxd8 Kxd8 22. Kf1 Kd7 23. Ke2 Kd6 24. Kd3 Kd5 25. c4+ Kc5 26. f4
f6 27. g4 e6 28. h4 h6 29. a3 a5 30. b3 b6 31. Kc3 Kc6 32. Kd4 Kd6 33. b4 Kc6
34. c5 bxc5+ 35. bxc5 a4 36. g5 hxg5 37. hxg5 e5+ 38. Ke4 fxg5 39. fxg5 Kxc5
40. Kxe5 Kc4 41. Kf6 Kb3 42. Kxg6 Kxa3 43. Kh7 Kb2 44. g6 a3 45. g7 a2 1/2-1/2

[Event "Mechanics' Winter TNM; G/2 d5"]
[Site "San Francisco"]
[Date "2018.02.13"]
[Round "6.26"]
[White "Stolpe, Samuel"]
[Black "Brown, Nicholas"]
[Result "1/2-1/2"]
[WhiteElo "1730"]
[BlackElo "1490"]
[PlyCount "89"]
[EventDate "2018.??.??"]
[Source "ChessBase"]
[SourceDate "2007.09.04"]

1. d4 Nf6 2. Nf3 g6 3. e3 d5 4. Nbd2 Bg7 5. b3 O-O 6. Bb2 Bg4 7. Be2 Nbd7 8. h3
Bxf3 9. Bxf3 c6 10. O-O Re8 11. e4 dxe4 12. Nxe4 Nd5 13. c4 N5f6 14. Nxf6+ Bxf6
15. Qc2 e5 16. Rad1 Qc7 17. Bg4 Rad8 18. Bxd7 Rxd7 19. dxe5 Rxd1 20. Rxd1 Bxe5
21. Bxe5 Rxe5 22. Qd2 Re8 23. f4 Qe7 24. Kf2 Qh4+ 25. Kf3 Qe7 26. Qd3 Qc5 27.
Qd4 Qh5+ 28. Kg3 c5 29. Qd5 Qe2 30. Qd2 Qe7 31. Kh2 Qc7 32. Qd6 Qe7 33. Qxe7
Rxe7 34. Rd8+ Kg7 35. Rc8 b6 36. Ra8 Kf6 37. Kg3 Kf5 38. Kf3 h5 39. g4+ hxg4+
40. hxg4+ Kf6 41. a4 Ke6 42. Rd8 Rd7 43. Rxd7 Kxd7 44. Ke4 Kd6 45. Ke3 1/2-1/2

[Event "Mechanics' Winter TNM; G/2 d5"]
[Site "San Francisco"]
[Date "2018.01.09"]
[Round "1.46"]
[White "Stolpe, Samuel"]
[Black "Jensen, Christain"]
[Result "1/2-1/2"]
[WhiteElo "1730"]
[BlackElo "1821"]
[PlyCount "58"]
[EventDate "2018.??.??"]
[Source "ChessBase"]
[SourceDate "2007.09.04"]

1. d4 Nf6 2. Nf3 g6 3. e3 Bg7 4. c4 O-O 5. Be2 c5 6. O-O cxd4 7. exd4 d5 8. Nc3
h6 9. h3 Nc6 10. Be3 e6 11. Ne5 Ne7 12. Qd2 Nf5 13. Rac1 Nxe3 14. Qxe3 a6 15.
Rc2 dxc4 16. Nxc4 b5 17. Bf3 Rb8 18. Ne5 Bb7 19. Rfc1 Bxf3 20. Qxf3 Qd6 21. Ne2
Nd7 22. Qc6 Bxe5 23. dxe5 Qxc6 24. Rxc6 Nxe5 25. Rxa6 Nd3 26. Rb1 Rfc8 27. Rd6
Rd8 28. Rxd8+ Rxd8 29. Rd1 Rd5 1/2-1/2

[Event "Mechanics' Winter TNM; G/2 d5"]
[Site "San Francisco"]
[Date "2018.02.20"]
[Round "7.37"]
[White "Subedar, Vishal"]
[Black "Boldi, Nicholas"]
[Result "0-1"]
[WhiteElo "1367"]
[BlackElo "1559"]
[PlyCount "54"]
[EventDate "2018.??.??"]
[Source "ChessBase"]
[SourceDate "2007.09.04"]

1. e4 e6 2. d4 d5 3. exd5 exd5 4. Nc3 Nf6 5. Nf3 c5 6. Be2 Nc6 7. O-O Be6 8.
Re1 Qb6 9. Na4 Qc7 10. Bc4 dxc4 11. d5 O-O-O 12. Nc3 Nxd5 13. Ng5 Nxc3 14. Nxe6
Nxd1 15. Nxc7 Nxb2 16. Bf4 Bd6 17. Nb5 Bxf4 18. Rab1 Na4 19. Re4 Bd6 20. Rxc4
Nb6 21. Rg4 g6 22. Nxd6+ Rxd6 23. Rf4 Rhd8 24. h3 f5 25. c3 Rd1+ 26. Rxd1 Rxd1+
27. Kh2 Ra1 0-1

[Event "Mechanics' Winter TNM; G/2 d5"]
[Site "San Francisco"]
[Date "2018.02.06"]
[Round "5.29"]
[White "Subedar, Vishal"]
[Black "Cendejas, Juan"]
[Result "1/2-1/2"]
[WhiteElo "1367"]
[BlackElo "1716"]
[PlyCount "55"]
[EventDate "2018.??.??"]
[Source "ChessBase"]
[SourceDate "2007.09.04"]

1. e4 e5 2. f4 exf4 3. Nf3 g5 4. h4 g4 5. Ne5 h5 6. Bc4 Nh6 7. d4 d6 8. Nxf7
Nxf7 9. Bxf4 Bh6 10. Bxh6 Rxh6 11. Bxf7+ Kxf7 12. O-O+ Rf6 13. Nc3 c6 14. e5
dxe5 15. Ne4 Rxf1+ 16. Qxf1+ Kg6 17. dxe5 Qd4+ 18. Kh1 Qxe4 19. Qf6+ Kh7 20.
Qf7+ Kh6 21. Qf8+ Kh7 22. Qxc8 g3 23. Qc7+ Kg6 24. Qd6+ Kh7 25. Qe7+ Kh8 26.
Rf1 Na6 27. Qf6+ Kg8 28. Qf7+ 1/2-1/2